000
00261nam a2200097 a 4500
005
20200930075951.0
008
120201s1973 000 spa d
245
0
_a
History of the communist party of the soviet union.
260
_a
London,
_c
1973.
999
_c
36327
_d
36327
040
_a
DO-SdBNP